| 000 | 00481nam a22001817a 4500 | ||
|---|---|---|---|
| 999 |
_c478455 _d478455 |
||
| 003 | NUST | ||
| 005 | 20180531052858.0 | ||
| 008 | 180531b ||||| |||| 00| 0 eng d | ||
| 020 | _a9788126521555 | ||
| 038 | _aSNS Library | ||
| 082 | _a515.35 | ||
| 100 |
_aWilliam E. Boyce _910664 |
||
| 245 |
_aElementary Differential Equations and Boundary _cWilliam E. Boyce |
||
| 250 | _a9th Ed. | ||
| 260 |
_aIndia _bWiley India _c2009 |
||
| 300 |
_a796 p. _bPb. |
||
| 942 |
_2ddc _cBK |
||